Easy General Knowledge #8 - Statistics

General Stats
  • This quiz has been taken 841 times
  • The average score is 12 of 20
Answer Stats
Question Answer % Correct
What do the 50 stars on the flag of the USA represent? States
92%
What ended in 1945? World War II
91%
What is the primary color of Microsoft Word? Blue
89%
Where are people currently advised to stay? At {home}
87%
What is the only uninhabited continent for now? Antarctica
86%
What does the symbol € represent? Euro
84%
What island country is located southeast of continental Africa? Madagascar
71%
How many dozens are there in a gross? 12
70%
What is the capital city of Canada? Ottawa
70%
What is the largest city in Turkey? Istanbul
68%
Complete the analogy: Chrome is to Google as Edge is to __________ Microsoft
64%
What is 1 * 2 * 3 * ... * 100 * 0? 0
62%
What color is represented by the code #FFFFFF in HTML? White
52%
Which country is Gibraltar a territory of? United Kingdom
51%
Vatican City is the smallest country in the world. Which country is the second smallest? Monaco
48%
Name one of the two "square states" in the USA. Colorado / Wyoming
39%
The symbols ( ) are called brackets in the UK. What are they called in the US? Parentheses
30%
What is Monday named after? the Moon
29%
In which year did the first modern Olympic Games take place? 1896
22%
What is the name of the most-taken JetPunk quiz? Countries of the World Quiz
20%
No matching quizzes found
Score Distribution
Percent of People with Each Score
Percentile by Number Answered
Your Score History
You have not taken this quiz